[Event "Biel"]
[Site "Biel"]
[Date "1981.??.??"]
[Round "?"]
[White "Lobron, Eric"]
[Black "Zueger, Beat"]
[Result "1-0"]
[WhiteElo "2395"]
[BlackElo "2360"]

1.e4 c5 2.Nf3 Nc6 3.d4 cxd4 4.Nxd4 Nf6 5.Nc3 d6 6.Bg5 e6 7.Qd2 a6 8.O-O-O Bd7
9.f4 Be7 10.Nf3 b5 11.Kb1 b4 12.Bxf6 Bxf6 13.Ne2 Be7 14.e5 d5 15.f5 Qc7 16.Nf4 Nxe5
17.fxe6 fxe6 18.Nxd5 exd5 19.Qxd5 Nc6 20.Ne5 Nxe5 21.Qxa8+ Bc8 22.Bxa6 O-O
23.Rhe1 Kh8 24.Bxc8 Rxc8 25.Qe4 Bf6 26.Rd4 h6 27.Rxb4 Nc4 28.Qd3 Ne5 29.Qe4 Nc4
30.Rxc4 Qxc4 31.Qxc4 Rxc4 32.c3 Kg8 33.Kc2 Kf7 34.Kb3 Rc8 35.a4 Re8 36.Rxe8 Kxe8
37.Kc2 Kd7 38.b4 Kc6 39.Kd3 Be7 40.Kc4 Bf6 41.a5 Bd8 42.g3 Kb7 43.Kb5 h5
44.c4 g5 45.c5 Bc7 46.a6+ Ka7 47.Kc6 Bxg3 48.hxg3 h4 49.b5 h3 50.b6+ Kxa6
51.b7 h2 52.b8=Q h1=Q+ 53.Kd6 Qd1+ 54.Kc7 Ka5 55.Qb6+ Ka4 56.c6 Qd5 57.Kb8 Qd6+
58.Kb7 Qd5 59.Ka7  1-0

[Event "YUG-ch"]
[Site "Borovo"]
[Date "1981.??.??"]
[Round "?"]
[White "Martinovic, Slobodan"]
[Black "Ivanovic, Bozidar"]
[Result "0-1"]
[WhiteElo "2475"]
[BlackElo "2490"]

1.e4 c5 2.Nf3 Nc6 3.d4 cxd4 4.Nxd4 Nf6 5.Nc3 d6 6.Bg5 e6 7.Qd2 Be7 8.O-O-O O-O
9.Nb3 Qb6 10.f3 a6 11.g4 Qc7 12.f4 Rd8 13.Bxf6 Bxf6 14.g5 Be7 15.h4 b5 16.Bd3 b4
17.Ne2 a5 18.Kb1 a4 19.Nbc1 d5 20.e5 Bd7 21.Rdg1 b3 22.h5 bxa2+ 23.Nxa2 Rdb8
24.Bxh7+ Kf8 25.Qc3 Rb6 26.Ka1 Rab8 27.Rb1 Qa7 28.h6 Rb3 29.Qe1 Re3 30.hxg7+ Kxg7
31.Qh4 Kf8 32.Qh6+ Ke8 33.g6 fxg6 34.Bxg6+ Kd8 35.Nec1 Nd4 36.Qg7 Qc5 37.Rh8+ Kc7
38.Rxb8 Kxb8 39.Qh8+ Bc8 40.Qh7 Rg3 41.b4 Qc7 42.Bd3 a3 43.c3 Nf5 44.Rb3 Qa7
45.Bxf5 exf5 46.Ne2 Rd3 47.Nac1 Rd1 48.Rb1 d4 49.Qh3 a2 50.Rb2 d3 51.Rxa2 dxe2
52.Rxa7  0-1

[Event "Elekes mem-B"]
[Site "Budapest"]
[Date "1981.??.??"]
[Round "?"]
[White "Liangov, Peter"]
[Black "Banas, Jan"]
[Result "1/2-1/2"]
[WhiteElo "2330"]
[BlackElo "2380"]

1.e4 c5 2.Nf3 d6 3.Nc3 Nc6 4.d4 cxd4 5.Nxd4 Nf6 6.Bg5 e6 7.Qd2 a6 8.O-O-O h6
9.Be3 Nxd4 10.Bxd4 b5 11.f3 Be7 12.Kb1 Bd7 13.g4 Bc6 14.Qf2 Qc7 15.Bd3 b4
16.Ne2 e5  1/2-1/2

[Event "DDR-ch 30th"]
[Site "Fuerstenwalde"]
[Date "1981.??.??"]
[Round "10"]
[White "Mueller, Klaus Uwe"]
[Black "Gruenberg, Hans Ulrich"]
[Result "1/2-1/2"]
[WhiteElo "2365"]
[BlackElo "2435"]

1.e4 c5 2.Nf3 Nc6 3.d4 cxd4 4.Nxd4 Nf6 5.Nc3 d6 6.Bg5 e6 7.Qd2 a6 8.O-O-O Bd7
9.f4 b5 10.a3 Rc8 11.Be2 Be7 12.Rhf1 O-O 13.Kb1 b4 14.axb4 Nxb4 15.f5 Qb6
16.Be3 Rxc3 17.Qxc3 Nxe4 18.Qa3 Nd5 19.Bg1 Nec3+ 20.Ka1 Nxd1 21.Rxd1 Qb4
22.Qa2 Nc7 23.c3 Qa4 24.fxe6 Qxa2+ 25.Kxa2 fxe6 26.Bf3 Rc8 27.Nc6 Bf8 28.Na5 d5
29.c4 Be8 30.c5 Be7 31.b4 Rb8 32.Rb1 e5 33.h3 d4 34.Bh2 Bf6 35.Nc6 Bxc6 36.Bxc6 Kf7
37.Kb3 a5 38.Kc4 Rxb4+ 39.Rxb4 axb4 40.Kxb4 Ke6 41.Kc4 Be7 42.Be4 g6 43.Bg3 Na6
44.Bd5+ Kf5 45.c6 Nc7 46.Bg8 h6 47.Be1 Bd6 48.Bd2 h5 49.Kd3 Kf6  1/2-1/2

[Event "DDR-ch 30th"]
[Site "Fuerstenwalde"]
[Date "1981.??.??"]
[Round "11"]
[White "Enders, Peter"]
[Black "Rossmann, Helmut"]
[Result "0-1"]
[WhiteElo "2290"]
[BlackElo "2280"]

1.e4 c5 2.Nf3 Nc6 3.d4 cxd4 4.Nxd4 Nf6 5.Nc3 d6 6.Bg5 e6 7.Qd2 a6 8.O-O-O Bd7
9.f4 Be7 10.Nf3 b5 11.Bxf6 gxf6 12.g3 Qb6 13.Bh3 O-O-O 14.f5 Kb8 15.fxe6 fxe6
16.Kb1 Bc8 17.Qe1 Rhe8 18.Rf1 Bf8 19.Ne2 Bg7 20.Nf4 Qc5 21.c3 Bh6 22.Nd4 Bxf4
23.Nxc6+ Qxc6 24.Rxf4 e5 25.Rh4 Bxh3 26.Rxh3 d5 27.Rxh7 dxe4 28.Rxd8+ Rxd8
29.Qe3 b4 30.g4 bxc3 31.bxc3 Kc8 32.a4 Rd1+ 33.Kb2 Rd3 34.Rh8+ Kd7 35.Qa7+ Ke6
36.c4 e3 37.Rb8 Qg2+ 38.Ka1 Ra3+  0-1

[Event "DSV-Turnier"]
[Site "Halle"]
[Date "1981.??.??"]
[Round "1"]
[White "Pavlov, Mircea"]
[Black "Tischbierek, Raj"]
[Result "1/2-1/2"]
[WhiteElo "2415"]
[BlackElo "2380"]

1.e4 c5 2.Nf3 Nc6 3.d4 cxd4 4.Nxd4 Nf6 5.Nc3 d6 6.Bg5 e6 7.Qd2 Be7 8.O-O-O O-O
9.f4 h6 10.Bh4 Bd7 11.Nf3 Qa5 12.Qe1 Rfd8 13.Kb1 Rac8 14.Nd2 Ne8 15.g4 Bxh4
16.Qxh4 Nb4 17.Nb3 Qb6 18.Bd3 a5 19.a4 d5 20.g5 hxg5 21.fxg5 d4 22.Qf2  1/2-1/2

[Event "DSV-Turnier"]
[Site "Halle"]
[Date "1981.??.??"]
[Round "3"]
[White "Vogt, Lothar"]
[Black "Tischbierek, Raj"]
[Result "1/2-1/2"]
[WhiteElo "2455"]
[BlackElo "2380"]

1.e4 c5 2.Nf3 Nc6 3.d4 cxd4 4.Nxd4 Nf6 5.Nc3 d6 6.Bg5 e6 7.Qd2 Be7 8.O-O-O O-O
9.f4 h6 10.Bh4 Bd7 11.Nf3 Nxe4 12.Nxe4 Bxh4 13.Qxd6 Be8 14.Qc5 Qc7 15.Qd6  1/2-1/2

[Event "Hamburg op"]
[Site "Hamburg"]
[Date "1981.??.??"]
[Round "1"]
[White "Ostojic, Predrag"]
[Black "Kunsztowicz, Uwe"]
[Result "1/2-1/2"]
[WhiteElo "2450"]
[BlackElo "2365"]

1.e4 c5 2.Nf3 d6 3.d4 cxd4 4.Nxd4 Nf6 5.Nc3 Nc6 6.Bg5 e6 7.Qd2 a6 8.O-O-O Bd7
9.f3 Nxd4 10.Qxd4 Bc6 11.g4 Be7 12.Be3 O-O 13.g5 Nd7 14.Rg1 b5 15.f4 b4 16.Qxb4 d5
17.Qd4 Bc5 18.Qd2 Rb8 19.Rg3 Qb6 20.b3 dxe4 21.Bc4 Rfd8 22.Qe1 Qa5 23.Bxc5 Nxc5
24.Rxd8+ Rxd8 25.Kb2 Bd5 26.Qf1 Rc8 27.Kb1 Nd7 28.Qd1 Nb6 29.Bxd5 Nxd5 30.Nxd5 exd5
31.Qd4 Qc7 32.c3 Qxf4 33.Qxd5 Qf1+ 34.Kc2 Qh1 35.Re3 Qxh2+ 36.Qd2 Qf4 37.Qd7 Rf8
38.Qd4 Qf2+ 39.Qd2 Qf5 40.Qe2 a5 41.a4 g6 42.Rxe4 Re8 43.Kd3 Kf8 44.Qe3 Qf1+
45.Kc2 Qf5 46.Kd3 Qf1+ 47.Kc2 Qf5  1/2-1/2

[Event "Hamburg op"]
[Site "Hamburg"]
[Date "1981.??.??"]
[Round "11"]
[White "Hazai, Laszlo"]
[Black "Schneider, Lars Ake"]
[Result "1/2-1/2"]
[WhiteElo "2430"]
[BlackElo "2410"]

1.e4 c5 2.Nf3 Nc6 3.d4 cxd4 4.Nxd4 Nf6 5.Nc3 d6 6.Bg5 e6 7.Qd2 a6 8.O-O-O Bd7
9.f4 b5 10.Bxf6 gxf6 11.Kb1 Qb6 12.Nxc6 Bxc6 13.Bd3 h5 14.Qe1 O-O-O 15.Qh4 Be7
16.f5 Rdg8 17.fxe6 fxe6 18.g3 b4 19.Ne2 Rg4 20.Qh3 Bxe4 21.Bxe4 Rxe4 22.Nf4 f5
23.Rhe1 Rxe1 24.Rxe1 Qf2 25.Nd3 Qf3 26.Nxb4 Bf6 27.a3 Kd7 28.Qf1 Qxf1 29.Rxf1 a5
30.Nd3 Rg8 31.Rf3 h4 32.Kc1 Rg4 33.b3 Bd4 34.Nf2 Bxf2 35.Rxf2 hxg3 36.hxg3 Rxg3
37.Kd2 a4 38.bxa4 Rxa3 39.Rf4 Rg3 40.Rf1 Ra3 41.Rf4 Kc6 42.Kc1 Rg3 43.Rc4+ Kd5
44.Rc8 f4 45.a5 e5 46.Kb2 Rg7 47.a6 Ra7 48.c4+ Ke6 49.Rc6 Kd7 50.Rb6 Kc7
51.c5 dxc5 52.Re6 Kd7 53.Rxe5 Rxa6 54.Rf5 Ra4 55.Rxc5 Kd6 56.Rh5 Rc4 57.Kb3 Rc1
58.Rf5 Rf1 59.Kc2 Ke6 60.Rf8 Ke5 61.Kd2 Rf2+ 62.Ke1 Ra2 63.Rb8 Ke4 64.Rb3 Kf5
65.Kf1 Kg4 66.Rc3 f3 67.Rc8 Ra1+  1/2-1/2

[Event "Keszthely"]
[Site "Keszthely"]
[Date "1981.??.??"]
[Round "6"]
[White "Groszpeter, Attila"]
[Black "Razuvaev, Yuri S"]
[Result "1/2-1/2"]
[WhiteElo "2435"]
[BlackElo "2525"]

1.e4 c5 2.Nf3 Nc6 3.d4 cxd4 4.Nxd4 Nf6 5.Nc3 d6 6.Bg5 e6 7.Qd2 a6 8.O-O-O h6
9.Be3 Nxd4 10.Bxd4 b5 11.f3 Bb7  1/2-1/2

[Event "NLD-ch"]
[Site "Leeuwarden"]
[Date "1981.??.??"]
[Round "8"]
[White "Van der Wiel, John TH"]
[Black "Ligterink, Gert"]
[Result "1/2-1/2"]
[WhiteElo "2465"]
[BlackElo "2430"]

1.e4 c5 2.Nf3 d6 3.d4 cxd4 4.Nxd4 Nf6 5.Nc3 Nc6 6.Bg5 e6 7.Qd2 Be7 8.O-O-O O-O
9.f4 h6 10.Bh4 e5 11.Nf5 Bxf5 12.exf5 Qa5 13.Kb1 Rad8 14.Bxf6 Bxf6 15.Nd5 Qxd2
16.Rxd2 exf4 17.Nxf6+ gxf6 18.Bc4 Rfe8 19.b3 Re5 20.Rhd1 b5 21.Rxd6 Rxd6
22.Rxd6 Nb4 23.Bd3 Nxd3 24.Rxd3 Re2 25.Rd4 Rxg2 26.Rxf4 Rxh2 27.a4 bxa4 28.Rxa4 h5
29.Rxa7 h4 30.b4 Rg2 31.Kb2 h3 32.Ra3 h2 33.Rh3 Kf8 34.Rh6 Ke7 35.Kb3 Kd6
36.c4 Ke5 37.b5 Kd4 38.b6 Kc5 39.b7 Rg8 40.Rxh2 Rb8 41.Kc3 Rxb7 42.Ra2 Rb1
43.Ra6 Rc1+ 44.Kd3 Rd1+ 45.Ke3 Kxc4 46.Rxf6 Kd5 47.Kf4 Rf1+ 48.Kg5 Ke4 49.Rxf7 Rg1+
50.Kh6 Rh1+  1/2-1/2

[Event "NLD-ch"]
[Site "Leeuwarden"]
[Date "1981.??.??"]
[Round "9"]
[White "Hartoch, Robert G"]
[Black "Kuijf, Marinus"]
[Result "1/2-1/2"]
[WhiteElo "2405"]
[BlackElo "2200"]

1.e4 c5 2.Nf3 Nc6 3.d4 cxd4 4.Nxd4 Nf6 5.Nc3 d6 6.Bg5 e6 7.Qd2 Be7 8.O-O-O O-O
9.f4 h6 10.Bh4 Bd7 11.Ndb5 d5 12.e5 Ne4 13.Bxe7 Nxd2 14.Bxd8 Nxf1 15.Rhxf1 Raxd8
16.g3 a6 17.Nd4 f6 18.exf6 gxf6 19.Rfe1 Nxd4 20.Rxd4 Kf7 21.Ne2 Ke7 22.f5 e5
23.Rxd5 Bxf5 24.Nc3 Ke6 25.Rc5 Rc8 26.Ne4 h5 27.Re3 h4 28.Rxc8 Rxc8 29.Rc3 Rxc3
30.Nxc3 hxg3 31.hxg3 Bg6 32.Nd1 f5 33.Kd2 f4 34.gxf4 exf4 35.Nf2 Ke5 36.c3 Bf7
37.b3 Bd5 38.Kd3 Bc6 39.Ke2 Bd5 40.Nd3+ Kf5  1/2-1/2

[Event "Ljubljana"]
[Site "Ljubljana"]
[Date "1981.??.??"]
[Round "9"]
[White "Mencinger, Vojko"]
[Black "Ostojic, Predrag"]
[Result "1-0"]
[WhiteElo "2275"]
[BlackElo "2450"]

1.e4 c5 2.Nf3 d6 3.d4 cxd4 4.Nxd4 Nf6 5.Nc3 Nc6 6.Bg5 e6 7.Qd2 Be7 8.O-O-O O-O
9.Nb3 a6 10.Bd3 b5 11.Rhg1 Bb7 12.f4 Rc8 13.Kb1 b4 14.Na4 a5 15.g4 Nd7 16.Bxe7 Qxe7
17.g5 Rfe8 18.h4 Nc5 19.Naxc5 dxc5 20.Qf2 c4 21.Bxc4 a4 22.Nc5 Na5 23.Bb5 Bc6
24.Bxc6 Rxc6 25.Nd7 Ra8 26.Ne5 Rc7 27.h5 Nc4 28.Nxc4 Rxc4 29.Rd4 Rxd4 30.Qxd4 Rd8
31.Qe5 Qd7 32.Rc1 Qd4 33.Qxd4 Rxd4 34.Re1 Rd2 35.Kc1 Rf2 36.Rd1 Kf8 37.Rd4 Rxf4
38.Rxb4 Rh4 39.Rxa4 Rxh5 40.Ra5 h6 41.Ra8+ Ke7 42.Ra7+ Ke8 43.Ra8+ Ke7 44.gxh6 Rxh6
45.a4 Rh4 46.a5 Rxe4 47.a6 Rb4 48.a7 Rb7 49.Re8+  1-0

[Event "Lone Pine op"]
[Site "Lone Pine"]
[Date "1981.??.??"]
[Round "?"]
[White "Liberzon, Vladimir M"]
[Black "Zaltsman, Vitaly F"]
[Result "1/2-1/2"]
[WhiteElo "2460"]
[BlackElo "2420"]

1.e4 c5 2.Nf3 Nc6 3.d4 cxd4 4.Nxd4 Nf6 5.Nc3 d6 6.Bg5 e6 7.Qd2 a6 8.O-O-O Bd7
9.f4 b5 10.Bxf6 gxf6 11.Nf3 Qb6 12.Kb1 O-O-O 13.g3 Kb8 14.Bh3 Bc8 15.f5 h5
16.Qe1 Bh6 17.Ne2 Ne5 18.Ned4 Ng4 19.fxe6 fxe6 20.Qc3 Bb7 21.Nxe6 Rc8 22.Qd4 Qxd4
23.Nexd4 Bxe4 24.Rhe1 d5 25.Re2 Rc4 26.Rde1 Rhc8 27.b3 Rc3 28.Nh4 Bf8 29.Bg2 Bd6
30.Nhf5 Be5 31.Bxe4 dxe4 32.Rxe4 Nxh2 33.Rh4 Nf3 34.Nxf3 Rxf3 35.Rxh5 Rf2
36.Rc1 b4 37.Ne7 Rc5 38.Ng6 Bd6 39.Rxc5 Bxc5 40.c3 a5 41.cxb4 Bxb4 42.Nf4 Ba3
43.Rg1 Rb2+ 44.Ka1 Rd2 45.Kb1 Rb2+  1/2-1/2

[Event "Lone Pine op"]
[Site "Lone Pine"]
[Date "1981.??.??"]
[Round "?"]
[White "Campora, Daniel H"]
[Black "Zaltsman, Vitaly F"]
[Result "1-0"]
[WhiteElo "2455"]
[BlackElo "2420"]

1.e4 c5 2.Nf3 Nc6 3.d4 cxd4 4.Nxd4 Nf6 5.Nc3 d6 6.Bg5 e6 7.Qd2 a6 8.O-O-O Bd7
9.f4 b5 10.Nxc6 Bxc6 11.Qe1 h6 12.Bh4 Be7 13.Bxf6 gxf6 14.Bd3 Qb6 15.f5 Qc5
16.Kb1 Rg8 17.Ne2 e5 18.Ng3 h5 19.Qe2 h4 20.Nf1 Bf8 21.Qh5 Rxg2 22.Qxh4 Ke7
23.Qh3 Rg5 24.Ne3 Bg7 25.Qf3 Rh8 26.h4 Rgh5 27.Ng2 R5h7 28.c3 Bh6 29.Bc2 Rg7
30.Rh3 Rhg8 31.Ne1 Rg1 32.Qd3 a5 33.Qe2 R8g4 34.Ka1 a4 35.a3 R4g3 36.Rxg3 Rxg3
37.Qh5 Qe3 38.Bb1 Bf4 39.Qh8 Qa7 40.Nd3 Qa8 41.Qh7 Bxe4 42.Nb4 Bf3 43.Rf1 Bg2
44.Rd1 Qg8 45.Nd5+ Bxd5 46.Qxg8 Rxg8 47.Rxd5 Rg1 48.Ka2 Re1 49.Bd3 e4 50.Bxb5 e3
51.Rd4 Be5 52.Rxa4 d5 53.Kb3 Rd1 54.Rg4 Rd2 55.Rg1 d4 56.Re1 Rh2 57.cxd4 Bxd4
58.Re2 Rxh4 59.Kc2 Kd6 60.b4 Ke5 61.Bd3 Rh8 62.Kb3 Ba7 63.a4 Kd4 64.Bc4 Rh1
65.Bb5 Rb1+ 66.Rb2 Ra1 67.a5 Ke4 68.Be2 Kxf5 69.Ra2 Re1 70.b5 Bd4 71.b6 Ke4
72.Kc4 Rc1+ 73.Kb5 Re1 74.Kc6 Rc1+ 75.Kb7 Rb1 76.Kc7 Be5+ 77.Kc8 Rc1+ 78.Kb7 Bd4
79.Ra4 Rc2 80.a6 Rxe2 81.a7  1-0

[Event "Lone Pine op"]
[Site "Lone Pine"]
[Date "1981.??.??"]
[Round "?"]
[White "Campora, Daniel H"]
[Black "Shirazi, Kamran G"]
[Result "1/2-1/2"]
[WhiteElo "2455"]
[BlackElo "2350"]

1.e4 c5 2.Nf3 Nc6 3.d4 cxd4 4.Nxd4 Nf6 5.Nc3 d6 6.Bg5 e6 7.Qd2 a6 8.O-O-O Bd7
9.f4 Be7 10.Nf3 b5 11.Bxf6 Bxf6 12.Qxd6 Be7 13.Qd2 b4 14.Na4 Nb8 15.b3 Qc7
16.Nb2 O-O 17.Bd3 a5 18.Nc4 a4 19.e5 axb3 20.cxb3 Bc6 21.Kb1 Nd7 22.Nd4 Nc5
23.Qc2 Nxd3 24.Nxc6 Nxf4 25.Nb6 Qxb6 26.Nxe7+ Kh8 27.Rhf1 Ng6 28.Nxg6+ hxg6
29.Qe4 Kg8 30.Rd4 Rxa2 31.Kxa2 Qa6+ 32.Kb2 Qxf1 33.Rxb4 Rd8 34.Rd4 Qf2+ 35.Kc3 Rc8+
36.Rc4 Rb8 37.b4 Qa2 38.Kd3 Ra8 39.Rc2 Qb3+ 40.Ke2 Rb8 41.Rc4 Qb2+ 42.Kf3 Rd8
43.Rc2 Qa1 44.Kf2 Rd4 45.Qe3 Rh4 46.b5 Qb1 47.Rc8+ Kh7 48.b6 Rxh2 49.Kg3 Rh1
50.Rc4 g5 51.Rg4 f5 52.exf6 gxf6 53.Rd4 e5 54.Rd7+ Kg6 55.b7 e4 56.Re7 Rh4
57.Re6 Qxb7 58.Rxf6+ Kxf6 59.Qb6+  1/2-1/2

[Event "Lone Pine op"]
[Site "Lone Pine"]
[Date "1981.??.??"]
[Round "?"]
[White "Arnason, Jon L"]
[Black "Zaltsman, Vitaly F"]
[Result "1/2-1/2"]
[WhiteElo "2450"]
[BlackElo "2420"]

1.e4 c5 2.Nf3 Nc6 3.d4 cxd4 4.Nxd4 Nf6 5.Nc3 d6 6.Bg5 e6 7.Qd3 a6 8.Rd1 Be7
9.Be2 Nxd4 10.Qxd4 Bd7 11.O-O Bc6 12.Kh1 Qc7 13.f4 Rd8 14.Rd3 O-O 15.Rg3 Kh8
16.f5 e5 17.Bxf6 Bxf6 18.Qd2 b5 19.Rd3 Rc8 20.a3 a5 21.b4 Rfd8 22.Rb1 h6
23.Rh3 Kg8 24.Bxb5 axb4 25.Rxb4 Bxb5 26.Rxb5 Bg5 27.Qd1 Qa7 28.a4 Rc4 29.Rd5 Rdc8
30.Nb5 Qxa4 31.c3 Qxd1+ 32.Rxd1 Rxe4 33.Nxd6 Rd8 34.Rhd3 Re2 35.g3 e4 36.Rd5 Ra8
37.h4 Be3 38.Nc4 Raa2 39.Nxe3 Rxe3 40.Re5 Rxc3 41.Rxe4 Rxg3 42.Rd8+ Kh7 43.Ree8 g5
44.Rh8+ Kg7 45.Rdg8+ Kf6 46.Rxh6+ Kxf5 47.Rxg5+  1/2-1/2

[Event "Lone Pine op"]
[Site "Lone Pine"]
[Date "1981.??.??"]
[Round "?"]
[White "Wells, Ian Duncan"]
[Black "Zaltsman, Vitaly F"]
[Result "0-1"]
[WhiteElo "2325"]
[BlackElo "2420"]

1.e4 c5 2.Nf3 Nc6 3.d4 cxd4 4.Nxd4 Nf6 5.Nc3 d6 6.Bg5 e6 7.Qd2 a6 8.O-O-O Bd7
9.f4 b5 10.Bxf6 gxf6 11.g3 Qb6 12.Nce2 Qa5 13.Qxa5 Nxa5 14.Bg2 Rc8 15.b3 Be7
16.Kb2 Nc6 17.f5 Nxd4 18.Nxd4 Rc5 19.Bh3 e5 20.Ne2 b4 21.c3 a5 22.cxb4 axb4
23.Nc1 Bc6 24.Bg2 Kd7 25.Nd3 Rb5 26.Rd2 Bf8 27.Nf2 Be7 28.Bf1 Ra5 29.Bc4 Rha8
30.Kb1 Ke8 31.Rc1 Rc5 32.Ka1 Raa5 33.Rcd1 Bb7 34.Kb2 Kf8 35.g4 Rc8 36.Re2 Rd8
37.Bd5 Rda8 38.Kb1 Bxd5 39.exd5 Bd8 40.Ne4 Ke7 41.Rc2 Bb6 42.Nxd6 Kxd6 43.Rc6+ Kd7
44.Rxb6 Rxa2 45.Kc1 Rxh2 46.Kb1 Rha2 47.Kc1 e4 48.Rxb4 e3 49.Ra4 R8xa4 50.bxa4 Rxa4
51.Kc2 e2 52.Re1 Re4 53.Kd3 Re5 54.Rxe2 Rxe2 55.Kxe2 Kd6 56.Ke3 Kxd5 57.Kd3 Ke5
58.Ke3 h5 59.gxh5 Kxf5 60.Kf3 Kg5 61.Ke4 f5+ 62.Ke5 f6+  0-1

[Event "Malaga"]
[Site "Malaga"]
[Date "1981.??.??"]
[Round "7"]
[White "Tal, Mihail"]
[Black "Calvo Minguez, Ricardo"]
[Result "1-0"]
[WhiteElo "2555"]
[BlackElo "2410"]

1.e4 c5 2.Nf3 d6 3.d4 cxd4 4.Nxd4 Nf6 5.Nc3 Nc6 6.Bg5 e6 7.Qd2 a6 8.O-O-O h6
9.Be3 Bd7 10.f3 b5 11.g4 Qa5 12.Nxc6 Bxc6 13.Kb1 Be7 14.h4 Rc8 15.Bd3 b4
16.Ne2 d5 17.e5 Nd7 18.Bd4 Nc5 19.f4 h5 20.f5 Nxd3 21.cxd3 hxg4 22.fxe6 fxe6
23.Nf4 Rh6 24.Rdg1 Kd7 25.h5 Bb5 26.Ng6 Bc5 27.Bxc5 Rxc5 28.Nf4 d4 29.Rxg4 Rxe5
30.Rxg7+ Kd6 31.Qf2 Re3 32.Qh4 b3 33.Qe7+ Ke5 34.Qc5+ Kxf4 35.Qg5+ Kf3  1-0

[Event "Moscow-4teams"]
[Site "Moscow"]
[Date "1981.??.??"]
[Round "?"]
[White "Suetin, Alexey S"]
[Black "Makarichev, Sergey"]
[Result "1/2-1/2"]
[WhiteElo "2465"]
[BlackElo "2535"]

1.e4 c5 2.Nf3 d6 3.d4 cxd4 4.Nxd4 Nf6 5.Nc3 Nc6 6.Bg5 e6 7.Qd2 a6 8.O-O-O h6
9.Be3 Nxd4 10.Bxd4 b5 11.f3 Bb7 12.Kb1 Be7 13.g4 b4 14.Na4 Bc6 15.Nb6 Rb8
16.Qf2 e5 17.Be3 Bxe4 18.Bxa6 Bc6 19.Bc4 d5 20.Bb3 O-O 21.Qe2 Rxb6 22.Bxb6 Qxb6
23.Qxe5 Re8 24.Qf4 Bc5 25.h4 Be3 26.Qg3 Qb8 27.Qh3 Qa7 28.g5 Nd7 29.gxh6 Bxh6
30.Qg4 Qa5 31.Rhe1 Ra8 32.Qd4 Nc5 33.Bxd5 b3 34.a3 bxc2+ 35.Kxc2 Ba4+ 36.Kb1 Bxd1
37.Rxd1 Ne6 38.Qc4 Rd8 39.Rd3 Qe1+ 40.Ka2 Rf8 41.Rb3  1/2-1/2

[Event "Moscow-ch"]
[Site "Moscow"]
[Date "1981.??.??"]
[Round "5"]
[White "Kremenietsky, Anatoly M"]
[Black "Makarichev, Sergey"]
[Result "0-1"]
[WhiteElo "2380"]
[BlackElo "2535"]

1.e4 c5 2.Nf3 d6 3.Nc3 Nc6 4.d4 cxd4 5.Nxd4 Nf6 6.Bg5 e6 7.Qd2 a6 8.O-O-O h6
9.Bf4 Bd7 10.Nxc6 Bxc6 11.f3 d5 12.Qe1 Bb4 13.Bd2 Be7 14.exd5 Nxd5 15.Qg3 Bg5
16.Ne4 Qa5 17.Bxg5 hxg5 18.Nd6+ Ke7 19.Nc4 Qxa2 20.Qxg5+ Kf8 21.Na3 Qa1+
22.Nb1 Qa4 23.b3 Qf4+ 24.Qxf4 Nxf4 25.Nc3 g5 26.Ne2 Ke7 27.Nd4 Bd7 28.g3 Nh3
29.Bxh3 Rxh3 30.Rhe1 Kf6 31.f4 gxf4 32.gxf4 a5 33.Nf3 Rxf3 34.Rxd7 b5 35.Re4 a4
36.Kb2 axb3 37.cxb3 Rh8 38.Rd2 Kf5 39.Rb4 Rb8 40.Rd7 f6 41.Rc7  0-1

[Event "Moscow-ch"]
[Site "Moscow"]
[Date "1981.??.??"]
[Round "9"]
[White "Psakhis, Lev"]
[Black "Kremenietsky, Anatoly M"]
[Result "1/2-1/2"]
[WhiteElo "2500"]
[BlackElo "2380"]

1.e4 c5 2.Nf3 Nf6 3.Nc3 d6 4.d4 cxd4 5.Nxd4 Nc6 6.Bg5 e6 7.Qd2 a6 8.O-O-O h6
9.Be3 Nxd4 10.Bxd4 b5 11.f3 Bb7 12.Qf2 Be7 13.g4 b4 14.Na4 Qa5 15.b3 Bc6
16.Nb6 Qxa2 17.Bd3 e5 18.Bb2 Nd7 19.Nxa8 Bg5+ 20.Rd2 Bxa8 21.Qa7 O-O 22.Qxd7 Bxd2+
23.Kxd2 Qxb2 24.Qxd6 Qc3+ 25.Ke2 Bc6 26.Rd1 Bb5 27.Rd2 Bxd3+ 28.Qxd3 Qa1
29.Rd1 Qb2 30.Qc4 a5 31.h4 Qa2 32.Rd2 Qa1 33.Rd1 Qa2 34.g5 hxg5 35.hxg5 g6
36.Rd6 Kg7 37.Ra6 Qa1 38.Qc6 Qc1 39.Qf6+ Kg8 40.Rc6 Qb2 41.Rc5 Qc1  1/2-1/2

[Event "Nis"]
[Site "Nis"]
[Date "1981.??.??"]
[Round "2"]
[White "Tringov, Georgi P"]
[Black "Pavlovic, Dragan"]
[Result "0-1"]
[WhiteElo "2470"]
[BlackElo "2345"]

1.e4 c5 2.Nf3 Nc6 3.d4 cxd4 4.Nxd4 Nf6 5.Nc3 d6 6.Bg5 e6 7.Qd2 a6 8.O-O-O h6
9.Bf4 Bd7 10.Bg3 Nxd4 11.Qxd4 Bc6 12.Qe3 Qc7 13.Be2 Be7 14.e5 dxe5 15.Bxe5 Qa5
16.f4 O-O 17.Bf3 Rfc8 18.Kb1 b5 19.Bxc6 Rxc6 20.Qg3 Kf8 21.Rhe1 Rac8 22.Re2 b4
23.Ne4 Qb5 24.Rde1 Rd8 25.Bxf6 Qxe2  0-1

[Event "Novi Sad"]
[Site "Novi Sad"]
[Date "1981.??.??"]
[Round "3"]
[White "Velickovic, Sasa"]
[Black "Popovic, Petar"]
[Result "0-1"]
[WhiteElo "2420"]
[BlackElo "2455"]

1.e4 c5 2.Nf3 d6 3.d4 cxd4 4.Nxd4 Nf6 5.Nc3 Nc6 6.Bg5 Qb6 7.Nb3 e6 8.Be2 a6
9.O-O Qc7 10.a4 b6 11.f4 Be7 12.Bf3 Bb7 13.Qe1 O-O-O 14.Bh4 h6 15.Bf2 g5
16.a5 bxa5 17.Na4 Nd7 18.Bh5 Rdf8 19.f5 Kb8 20.Qe3 Nde5 21.Nb6 Bd8 22.Qd2 g4
23.Rfd1 Rhg8 24.h4 gxh3 25.g3 Rg5 26.Be2 Rfg8 27.Kh2 d5 28.Rg1 dxe4 29.fxe6 fxe6
30.Nc5 Qxb6 31.Nd7+ Nxd7 32.Bxb6 Nxb6 33.Kxh3 Bc7 34.g4 Nd5 35.Raf1 h5 36.Kh4 Bd8
37.Kh3 Ne5 38.c4 hxg4+  0-1

[Event "Viking"]
[Site "Oslo"]
[Date "1981.??.??"]
[Round "1"]
[White "Poulsson, Eivind"]
[Black "Schneider, Lars Ake"]
[Result "1/2-1/2"]
[WhiteElo "2380"]
[BlackElo "2410"]

1.e4 c5 2.Nf3 Nc6 3.d4 cxd4 4.Nxd4 Nf6 5.Nc3 d6 6.Bg5 e6 7.Qd2 a6 8.O-O-O Bd7
9.f4 b5 10.Bxf6 gxf6 11.f5 Nxd4 12.Qxd4 Bh6+ 13.Kb1 Bf4 14.Ne2 Be5 15.Qe3 Qc7
16.fxe6 fxe6 17.g3 Rc8 18.Qd3 Qc4 19.Bh3 Ke7 20.Rhe1 Rc7 21.Nf4 a5 22.Bf1 Rhc8
23.c3 Qa4 24.Rc1 b4 25.c4 b3 26.axb3 Qb4 27.Qc2 Rb8 28.Nd3 Qxb3 29.Nxe5 fxe5
30.Qd2 Rcb7 31.Qg5+ Ke8 32.Qg8+ Ke7 33.Qg5+ Ke8 34.Qg8+  1/2-1/2

[Event "Riga"]
[Site "Riga"]
[Date "1981.??.??"]
[Round "2"]
[White "Tseshkovsky, Vitaly"]
[Black "Bielczyk, Jacek"]
[Result "1-0"]
[WhiteElo "2575"]
[BlackElo "2405"]

1.e4 c5 2.Nf3 Nc6 3.d4 cxd4 4.Nxd4 Nf6 5.Nc3 d6 6.Bg5 e6 7.Qd2 a6 8.O-O-O Bd7
9.f4 h6 10.Bh4 g5 11.fxg5 Ng4 12.Nf3 hxg5 13.Bg3 Rg8 14.Be2 Rg7 15.Rhf1 Qa5
16.Bxd6 Bxd6 17.Qxd6 O-O-O 18.Nd4 Ne3 19.Nxc6 Bxc6 20.Qxd8+ Qxd8 21.Rxd8+ Kxd8
22.Rf2 f5 23.exf5 exf5 24.g3 Re7 25.Nd1 Ng4 26.Bxg4 fxg4 27.Rd2+ Kc8 28.c4 Re1
29.Kc2 Be4+ 30.Kb3 Kc7 31.Nc3 Bf3 32.c5 Kc6 33.Kc4 Re6 34.b4 b6 35.cxb6 Kxb6
36.a4 Rc6+ 37.Kb3 Rh6 38.Nd5+ Kc6 39.Ne3 Kb6 40.Nc4+ Kc7 41.b5  1-0

[Event "Riga"]
[Site "Riga"]
[Date "1981.??.??"]
[Round "9"]
[White "Klovans, Janis"]
[Black "Tal, Mihail"]
[Result "0-1"]
[WhiteElo "2455"]
[BlackElo "2560"]

1.e4 c5 2.Nf3 d6 3.d4 cxd4 4.Nxd4 Nf6 5.Nc3 Nc6 6.Bg5 e6 7.Qd2 a6 8.O-O-O h6
9.Be3 Nxd4 10.Bxd4 b5 11.f3 Bb7 12.Kb1 Be7 13.Bxf6 gxf6 14.Bd3 Qb6 15.f4 O-O-O
16.f5 Kb8 17.fxe6 fxe6 18.Ne2 f5 19.exf5 e5 20.Ng3 h5 21.Be4 d5 22.Bf3 h4
23.Nh5 e4 24.Be2 d4 25.Qf4+ Bd6 26.Qxh4 Be5 27.Rhf1 Qc5 28.Rc1 d3 29.cxd3 Qd4
30.Rc3 b4 31.Rb3 Bd5  0-1

[Event "Riga"]
[Site "Riga"]
[Date "1981.??.??"]
[Round "14"]
[White "Klovans, Janis"]
[Black "Bielczyk, Jacek"]
[Result "1-0"]
[WhiteElo "2455"]
[BlackElo "2405"]

1.e4 c5 2.Nf3 Nc6 3.d4 cxd4 4.Nxd4 Nf6 5.Nc3 d6 6.Bg5 e6 7.Qd2 Qb6 8.Nb3 Bd7
9.O-O-O a6 10.f4 O-O-O 11.Bh4 Be7 12.Bf2 Qc7 13.Be2 Kb8 14.Bf3 Bc8 15.Rhe1 Rhe8
16.Nd4 Nd7 17.Qe3 Nxd4 18.Rxd4 b6 19.a4 Bb7 20.Red1 Rc8 21.a5 Nc5 22.axb6 Qxb6
23.Rc4 d5 24.exd5 exd5 25.Nxd5 Bxd5 26.Rxd5 Bh4 27.Qa3 Nb3+ 28.Qxb3 Qxb3
29.cxb3 Bxf2 30.Rd7 Be3+ 31.Kc2 Rxc4+ 32.bxc4 Bxf4 33.Rb7+ Kc8 34.Rxf7 Be5
35.Bb7+ Kd8 36.Bxa6 Bf6 37.b4 Re2+ 38.Kd3 Rxg2 39.c5 Rxh2 40.c6 Be5  1-0

[Event "Sarajevo"]
[Site "Sarajevo"]
[Date "1981.??.??"]
[Round "5"]
[White "Jansa, Vlastimil"]
[Black "Csom, Istvan"]
[Result "1/2-1/2"]
[WhiteElo "2460"]
[BlackElo "2500"]

1.e4 c5 2.Nf3 d6 3.d4 cxd4 4.Nxd4 Nf6 5.Nc3 Nc6 6.Bg5 e6 7.Qd2 a6 8.O-O-O h6
9.Bf4 Bd7 10.Nxc6 Bxc6 11.Qe1 Qa5 12.Bc4 O-O-O 13.f3 Nd7 14.a3 Qc7 15.Ba2 b5
16.Kb1 Nb6 17.Ne2 Kb7 18.Nd4 Bd7 19.Bd2 Rc8 20.Ba5 Be7 21.Qf2 Rb8 22.f4 Rhe8
23.Rd3 Ka8 24.f5 Bf6 25.fxe6 fxe6 26.Nf3 Bc8 27.Rhd1 Qb7 28.Bxb6 Qxb6 29.Qxb6 Rxb6
30.Rxd6 Rxd6 31.Rxd6 g5 32.h3 Kb8 33.e5 Kc7 34.Rd2 Bg7 35.Bb3 Bb7 36.Nd4 Bxe5
37.Nxe6+ Kb6 38.Re2 Bd6 39.c3 Bc8 40.Rd2 Be5 41.Re2 Bd6 42.Bd5 Bxe6 43.Bxe6 h5
44.Kc2  1/2-1/2

[Event "Smederevo"]
[Site "Smederevo"]
[Date "1981.??.??"]
[Round "?"]
[White "Matulovic, Milan"]
[Black "Mednis, Edmar John"]
[Result "1-0"]
[WhiteElo "2490"]
[BlackElo "2475"]

1.e4 c5 2.Nf3 Nc6 3.d4 cxd4 4.Nxd4 Nf6 5.Nc3 d6 6.Bg5 e6 7.Qd2 a6 8.O-O-O Bd7
9.f4 Be7 10.Nf3 b5 11.Bxf6 gxf6 12.Kb1 Qb6 13.f5 O-O-O 14.g3 Kb8 15.fxe6 fxe6
16.Bh3 Bc8 17.Qe1 Qc5 18.Ne2 d5 19.exd5 Nb4 20.Nfd4 Qxd5 21.Bxe6 Bxe6 22.Nc3 Qe5
23.Qxe5+ fxe5 24.Nxe6 Rxd1+ 25.Rxd1 Kc8 26.Ne4 h5 27.c3 Nc6 28.Nd6+ Kb8 29.Nf5 h4
30.Rd7 hxg3 31.hxg3 Bf6 32.Nd6 Bd8 33.Nxd8 Rxd8 34.Rxd8+ Nxd8 35.Kc2 Kc7
36.Ne4 Kc6 37.Kd3 Ne6 38.c4 bxc4+ 39.Kxc4 Nd4 40.g4 Ne6 41.b4  1-0